Nové horečné zbrojení. Krize zbrojního průmyslu.

Skrátený článok z Le Monde Diplomatique (november 1992). V súčasnosti nie je možné hovoriť o odzbrojení, ale o novej definícii úloh a prostriedkov, pričom nevyhnutnú rekonverziu blokujú účinné brzdy. Únik lacných východoeurópskych a ruských mozgov nepriamo prispieva k financovaniu západných interven...

Ausführliche Beschreibung

Gespeichert in:
Bibliographische Detailangaben
1. Verfasser: Carroué, L.
Format: Buchkapitel
Sprache:Tschechisch
Schlagworte:
Tags: Tag hinzufügen
Keine Tags, Fügen Sie das erste Tag hinzu!

MARC

LEADER 00000naa a2200000 4500
001 r012430
005 20220826093454.6
041 0 |a cze 
044 |a CZ 
245 1 0 |a Nové horečné zbrojení.  |b Krize zbrojního průmyslu.  |c L. Carroué 
520 |a Skrátený článok z Le Monde Diplomatique (november 1992). V súčasnosti nie je možné hovoriť o odzbrojení, ale o novej definícii úloh a prostriedkov, pričom nevyhnutnú rekonverziu blokujú účinné brzdy. Únik lacných východoeurópskych a ruských mozgov nepriamo prispieva k financovaniu západných intervenčných síl. Po kríze zbrojného priemyslu sa západné mocnosti preorientovávajú na letecký, kozmický, elektronický priemysel (inteligentné zbrane, lasery, počítačové programy a pod.), pričom rastú náklady na výskum pre sféru zbrojenia. 
610 2 0 |a zbrojenie 
610 2 0 |a priemysel zbrojársky 
610 2 0 |a svet 
610 2 0 |a výdavky rozpočtu štátneho 
610 2 0 |a výskum vojenský 
610 2 0 |a transfer technológie 
100 1 |a Carroué, L.